000 00429nas a2200157 a 4500
001 22066
003 67150
005 20201118100156.0
008 ||||||n9999 ||| || ||
041 _aspa
245 0 _aCiudad y territorio - No.91-92 :
_btransporte urbano
260 _aEspaña :
_bMinisterio para las Administraciones Públicas-MAP,
_c1992.
562 _e1
773 _022065
_aCiudad y territorio
942 _cSISS
999 _c22066
_d22066